Statistics for United States... or Canada?

Click here to take the quiz!

General Stats

  • This quiz has been taken 343 times
    (210 since last reset)
  • The average score is 14 of 20

Answer Stats

QuestionAnswer% Correct
Has the lower population densityCanada
96%
Higher rape rateUnited States
93%
Spanish is the second most spoken languageUnited States
92%
Member of the British CommonwealthCanada
91%
More billionaires per capitaUnited States
89%
Higher incarceration rateUnited States
89%
Is a member of NATOBoth
87%
Has a higher life expectancyCanada
87%
More motor vehicles per capitaUnited States
85%
English is the most spoken languageBoth
81%
Has a higher suicide rateUnited States
80%
Higher per capita meat consumptionUnited States
80%
Has a higher GDP per capitaUnited States
74%
Higher number of UNESCO World Heritage SitesUnited States
65%
Has the higher % HindusCanada
56%
Higher credit ratingCanada
54%
Produces more aluminiumCanada
51%
Higher average internet connection speedsCanada
31%
Higher unemployment rateCanada
22%
Higher quality of lifeUnited States
16%

Score Distribution

Percentile by Number Answered

Percent of People with Each Score

Your Score History

You have not taken this quiz since the last reset